Wie heißen die Mythenwesen? - Statistiken

Allgemein
  • Dieses Quiz wurde 305 mal gespielt
  • Das Durchschnittsergebnis liegt bei 15 aus 36
Antwortstatistiken
Bildquiz Antwort % Korrekt
Vampir
97%
Meerjungfrau
93%
Yeti
93%
Zyklop
91%
Frankenstein
89%
Zwerg
89%
Pegasus
87%
Elf
84%
Werwolf
84%
Zentaur
77%
Bigfoot
76%
Minotaurus
73%
Dschinn
62%
Troll
62%
Nessie
53%
Hydra
52%
Fee
40%
Golem
33%
Kappa
27%
Oni
24%
Banshee
15%
Babajaga
14%
Tengu
12%
Shenlong
11%
Mondhase
8%
Kelpie
7%
Lorelei
7%
Yuki Onna
5%
Baku
3%
Behemoth
3%
Fafnir
3%
Pixie
3%
Bahamut
2%
Nekomata
2%
Fenghuang
1%
Kurma
0%
Keine übereinstimmenden Quizze gefunden
Verteilung der Resultate
Anzahl Personen mit jedem Resultat
Perzentil nach korrekt beantworteten Fragen
Ihre Resultats-Entwicklung
Sie haben dieses Quiz noch nicht gespielt